Оптимизационные методы в финансовом планировании строительства (Запись № 5112900)

Подробности
000 -МАРКЕР
контрольное поле 01427nam1a22002891i 4500
001 - ИДЕНТИФИКАТОР ЗАПИСИ
контрольное поле rc\2363545
005 - ИДЕНТИФИКАТОР ВЕРСИИ
контрольное поле 20240725235918.0
035 ## - ДРУГИЕ СИСТЕМНЫЕ НОМЕРА
Идентификатор записи (NLR Aleph) 006685678
100 ## - ДАННЫЕ ОБЩЕЙ ОБРАБОТКИ
Данные общей обработки 20110829d1977 |||y0rusy50 ca
101 0# - ЯЗЫК РЕСУРСА
Язык текста, звукозаписи и т.д. русский
102 ## - СТРАНА ПУБЛИКАЦИИ ИЛИ ПРОИЗВОДСТВА
Страна публикации Российская Федерация
105 ## - ПОЛЕ КОДИРОВАННЫХ ДАННЫХ: ТЕКСТОВЫЕ МАТЕРИАЛЫ, МОНОГРАФИЧЕСКИЕ
Кодированные данные о монографическом текстовом документе y z |||||
200 1# - ЗАГЛАВИЕ И СВЕДЕНИЯ ОБ ОТВЕТСТВЕННОСТИ
Основное заглавие Оптимизационные методы в финансовом планировании строительства
Сведения, относящиеся к заглавию [В 8-ми разд.
Первые сведения об ответственности Подгот. кандидаты экон. наук М.Б. Поднос и Н.Л. Некраш, Ф.Р. Родкин и др.]
Последующие сведения об ответственности Науч.-исслед. ин-т организации и управления в стр-ве при МИСИ им. В.В. Куйбышева
210 ## - ПУБЛИКАЦИЯ, РАСПРОСТРАНЕНИЕ И ДР.
Место издания, распространения и т.д. Москва
Имя издателя, распространителя и т. д. НИИОУС
Дата издания, распространения и т.д. 1977
215 ## - ФИЗИЧЕСКАЯ ХАРАКТЕРИСТИКА
Размеры 20
606 ## - НАИМЕНОВАНИЕ ТЕМЫ КАК ПРЕДМЕТ
Наименование темы Строительные организации
Тематический подзаголовок Амортизационные фонды
-- Планирование
-- Математические методы (разд. 4)
Код системы rkp
606 ## - НАИМЕНОВАНИЕ ТЕМЫ КАК ПРЕДМЕТ
Наименование темы Строительные организации
Тематический подзаголовок Финансовое планирование
Код системы rkp
702 #1 - ИМЯ ЛИЦА - ВТОРИЧНАЯ ОТВЕТСТВЕННОСТЬ
Начальный элемент ввода Некраш
Часть имени, кроме начального элемента ввода Н.Л.
Код отношения Прочие
702 #1 - ИМЯ ЛИЦА - ВТОРИЧНАЯ ОТВЕТСТВЕННОСТЬ
Начальный элемент ввода Поднос
Часть имени, кроме начального элемента ввода М.Б.
Расширение инициалов личного имени Марк Борисович
Код отношения Прочие
702 #1 - ИМЯ ЛИЦА - ВТОРИЧНАЯ ОТВЕТСТВЕННОСТЬ
Начальный элемент ввода Родкин
Часть имени, кроме начального элемента ввода Ф.Р.
Код отношения Прочие
801 #0 - ИСТОЧНИК ЗАПИСИ
Страна Российская Федерация
Организация NLR
Правила каталогизации psbo
801 #1 - ИСТОЧНИК ЗАПИСИ
Страна Российская Федерация
Организация ELAR
Источник данных rusmarc
852 ## - МЕСТОНАХОЖДЕНИЕ И ШИФР ХРАНЕНИЯ
Идентификатор организации NLR
Шифр хранения (Call Number) 77-4/25776
899 ## - ДАННЫЕ О МЕСТОНАХОЖДЕНИИ (устаревшее)
Местонахождение RuMoRGB
Шифр хранения Б 77-38/87
899 ## - ДАННЫЕ О МЕСТОНАХОЖДЕНИИ (устаревшее)
Местонахождение RuMoRGB
Шифр хранения Б 77-38/85
942 ## - ДОПОЛНИТЕЛЬНЫЕ ЭЛЕМЕНТЫ ЗАПИСИ (АБИС)
Тип экземпляра АБИС Книга

Нет доступных экземпляров.